[Event "Voronezh Petrovsky op"]
[Site "Voronezh"]
[Date "2022.06.11"]
[Round "2"]
[White "Rozmetov, Aybek"]
[Black "Parfenov, Viktor N"]
[Result "0-1"]
[WhiteElo "1962"]
[BlackElo "2204"]
[PlyCount "70"]
[EventDate "2022.06.10"]
[EventType "swiss"]
[EventRounds "9"]
[EventCountry "RUS"]
[SourceTitle "EXT 2023"]
[Source "ChessBase"]
[SourceDate "2022.10.05"]
[SourceVersion "1"]
[SourceVersionDate "2022.10.05"]
[SourceQuality "1"]

1. d4 Nf6 2. c4 e6 3. Nf3 Bb4+ 4. Bd2 c5 5. g3 Qb6 6. e3 cxd4 7. exd4 Nc6 8. Bxb4 Qxb4+ 9. Qd2 Ne4 10. Qxb4 Nxb4 11. Na3 b6 12. Nd2 Bb7 13. Nxe4 Bxe4 14. Rg1 d5 15. Kd2 dxc4 16. Bxc4 0-0-0 17. Ke3 Bd5 18. Rac1 Kb7 19. Nc2 Nc6 20. Bb5 Ne7 21. b3 Nf5+ 22. Kf4 h6 23. h4 g5+ 24. hxg5 hxg5+ 25. Kxg5 Rh2 26. Rgf1 Bg2 27. Rfd1 Bf3 28. Rd2 Nxg3 29. Bd3 Nh5 30. Bh7 Rd5+ 31. Kh6 Nf6+ 32. Kg7 Nxh7 33. Kxf7 Ng5+ 34. Kg6 Be4+ 35. Kf6 Rf5+ 0-1

[Event "St Petersburg Blockade op"]
[Site "St Petersburg"]
[Date "2012.01.08"]
[Round "6"]
[White "Rozmetov, Aybek"]
[Black "Bekhovskiy, Mikhail"]
[Result "0-1"]
[WhiteElo "2005"]
[BlackElo "1874"]
[PlyCount "62"]
[EventDate "2012.01.03"]
[EventType "swiss"]
[EventRounds "9"]
[EventCountry "RUS"]
[SourceTitle "EXT 2014"]
[Source "ChessBase"]
[SourceDate "2013.11.20"]
[SourceVersion "1"]
[SourceVersionDate "2013.11.20"]
[SourceQuality "1"]

1. d4 Nf6 2. Nf3 d6 3. Bf4 Nbd7 4. e3 c6 5. Bd3 Qa5+ 6. Nfd2 e5 7. Bg3 Be7 8. 0-0 0-0 9. c3 Re8 10. Qc2 Qc7 11. Nf3 h6 12. Nbd2 Nh5 13. Rae1 Nxg3 14. fxg3 Nf6 15. Nh4 Bf8 16. h3 d5 17. dxe5 Qxe5 18. g4 Bc5 19. Nf5 Bxf5 20. Rxf5 Qg3 21. Nf3 Bxe3+ 22. Kh1 Bf4 23. Rf1 Ne4 24. c4 g6 25. Rxf7 Kxf7 26. cxd5 cxd5 27. Qb3 Nf2+ 28. Rxf2 Qxf2 29. Qxd5+ Kf6 30. Qa5 Rac8 31. g5+ hxg5 0-1